Historia colonial del gobierno de Macas / (Registro nro. 995)

000 -CABECERA
campo de control de longitud fija 01181nam a2200241 4500
005 - FECHA Y HORA DE LA ÚLTIMA TRANSACCIÓN
campo de control 20210419172202.0
008 - DATOS DE LONGITUD FIJA--INFORMACIÓN GENERAL
campo de control de longitud fija 210419s1996 ec a|||fr|||| 001 0 spa d
020 ## - NÚMERO INTERNACIONAL ESTÁNDAR DEL LIBRO
ISBN 9978043780
040 ## - FUENTE DE LA CATALOGACIÓN
Centro catalogador/agencia de origen CENDOC CAAAP
Lengua de catalogación spa
Centro/agencia transcriptor CAAAP
041 ## - CÓDIGO DE LENGUA
Código de lengua del texto/banda sonora o título independiente spa
050 ## - SIGNATURA TOPOGRÁFICA DE LA BIBLIOTECA DEL CONGRESO
Número de clasificación F 3791.M32
Número de documento/Ítem C79
100 1# - ENTRADA PRINCIPAL--NOMBRE DE PERSONA
9 (RLIN) 892
Nombre personal Costales, Piedad Peñaherrera de
245 1# - MENCIÓN DE TÍTULO
Título Historia colonial del gobierno de Macas /
Mención de responsabilidad, etc. Piedad y Alfredo Costales.
250 ## - MENCIÓN DE EDICIÓN
Mención de edición 1ra ed.
260 ## - PUBLICACIÓN, DISTRIBUCIÓN, ETC.
Lugar de publicación, distribución, etc. Morona-Santiago :
Nombre del editor, distribuidor, etc. Casa de la Cultura Ecuatoriana "Benjamín Carrión",
Fecha de publicación, distribución, etc. 1996
300 ## - DESCRIPCIÓN FÍSICA
Extensión 271 p. :
Otras características físicas ilustraciones, mapas ;
Dimensiones 22 cm.
505 ## - NOTA DE CONTENIDO CON FORMATO
Nota de contenido con formato Contiene : Geografía histórica de la Cordillera de la Candelaría -- Antropología prehispánica de Macas -- Los componentes lingüísticos de los pobladores de pie de montaña -- Antecedentes : Marco histórico -- La gobernación de Juan Salinas de Loyola -- El mestizaje entre los pobladores del pie de montaña -- El Gobierno de Macas de principio de mediados del siglo XVIII --Explotación aurífera
650 10 - PUNTO DE ACCESO ADICIONAL DE MATERIA--TÉRMINO DE MATERIA
9 (RLIN) 1678
Término de materia o nombre geográfico como elemento de entrada Gobierno Local
650 20 - PUNTO DE ACCESO ADICIONAL DE MATERIA--TÉRMINO DE MATERIA
9 (RLIN) 8
Término de materia o nombre geográfico como elemento de entrada Historia
Subdivisión cronológica siglo XVI-XIX
650 20 - PUNTO DE ACCESO ADICIONAL DE MATERIA--TÉRMINO DE MATERIA
9 (RLIN) 244
Término de materia o nombre geográfico como elemento de entrada Colonialismo
651 10 - PUNTO DE ACCESO ADICIONAL DE MATERIA--NOMBRE GEOGRÁFICO
9 (RLIN) 2375
Nombre geográfico Macas
Subdivisión geográfica Ecuador
942 ## - ELEMENTOS PERSONALIZADOS KOHA
Fuente del sistema de clasificación o colocación
Fecha de catalogación 19 - 04 - 21
Tipo de ítem Koha Libros
Existencias
Fuente del sistema de clasificación o colocación Localización permanente Ubicación/localización actual Fecha de adquisición Total de préstamos Signatura LC Fecha visto por última vez Tipo de ítem Koha
  CENTRO DE DOCUMENTACIÓN (CENDOC) CENTRO DE DOCUMENTACIÓN (CENDOC) 04/19/2021   F 3791.M32 C79 04/19/2021 Libros
Centro de Documentación CAAAP | AV. Manuel González Prada 626, Magdalena del Mar | (51-1) 4615223 Anexo 205 y 209 | cendoc@caaap.org.pe